Statistics for International Danish Actors and Actresses

Click here to take the quiz!

General Stats

  • This quiz has been taken 62 times
  • The average score is 3 of 11

Answer Stats

MovieAnswer% Correct
King Arthur, Casino Royal, Doctor Strange, Hannibal (TV)Mads Mikkelsen
89%
Sherlock (TV), House of Cards (TV), Star Wars Rebels (TV animated), The Witcher (TV)Lars Mikkelsen
66%
Gladiator, Mission to Mars, 3 Days to KillConnie Nielsen
43%
Red Sonja, Rocky IV, Beverly Hills Cop IIBrigitte Nielsen
43%
Wimbledon, Oblivion, Gods of Egypt, Game of Thrones (TV)Nikolaj Coster-Waldau
36%
Quantum of Solace, The Young Victoria, SpectreJesper Christensen
11%
Automata, Pitch Perfect 2, Vinyl (TV)Birgitte Hjort Sørensen
10%
Inferno, A Hologram for the King, Westworld (TV)Sidse Babett Knudsen
8%
The World Is Not Enough, The International, Kingdom of Heaven, Banshee (TV), Blacklist (TV).Ulrich Thomsen
7%
Angels & Demons, Fast and Furious 6, Despite the Falling Snow, The Last Kingdom (TV)Thure Lindhardt
7%
High Fidelity, The Emperor's New Clothes, DefianceIben Hjejle
5%

Score Distribution

Percentile by Number Answered

Percent of People with Each Score

Your Score History

You have not taken this quiz